| 000 | 00593nam a2200241Ia 4500 | ||
|---|---|---|---|
| 003 | OSt | ||
| 005 | 20220918191705.0 | ||
| 006 | a|||||r|||| 00| 0 | ||
| 007 | ta | ||
| 008 | 220917b |||||||| |||| 00| 0 eng d | ||
| 024 | _a64,652 | ||
| 037 | _cTextual | ||
| 040 |
_aARTS _cARTS _beng |
||
| 041 |
_2eng _aeng |
||
| 082 | _aQu, G3 | ||
| 100 |
_aKeliett E E _976938 |
||
| 245 | 0 | _aShort history of religions | |
| 260 |
_aBaltimore _bPenguin _c1933 |
||
| 300 |
_a605p. _ccm. |
||
| 650 | _aRELIGION | ||
| 942 |
_hQu, G3 _cTEXL _2CC |
||
| 999 |
_c191022 _d191022 |
||